00329 a2200109 4500001000900000005001700009008004100026245003700067100002200104773007600126999001700202ART_901720260410161834.0260409a 10aLa legislación del antidumping1 aFratalocchi, Aldo0 tContabilidad y administracióng- Año 3, Nº 35 (may. 1980)wREV5485 c23530d23530